00621nam a22001577a 450000500170000000800410001708200160005824500980007426000340017230000100020665000330021694200070024995200960025695200960035299900150044820240228101647.0240201b |||||||| |||| 00| 0 eng d a305.42bHID aHidden truth :bDiscrimination of Muslim women in the Quazi courts in Puttalam and Batticaloa aColombo :bFokus women,c2016 a38 p. aDISCRIMINATION AGAINST WOMEN cRP 00102ddc4070aMAINbMAINd2024-02-01l0o305.42 HIDpRAF4960r2024-02-01w2024-02-01yRP 00102ddc4070aMAINbMAINd2024-03-15l0o305.42 HIDpRAF5206r2024-03-15w2024-03-15yRP c4718d4718